00000000cam 2200000zi 4500
0019.960795
003CaOODSP
00520260515090852
006m     o  d f      
007cr cn ||||||||
008260310e202604  oncbd   ob   f000 0 fre d
020 |a9780660988931
040 |aCaOODSP|bfre|erda|cCaOODSP
043 |an-cn---
0861 |aFs70-5/2026-026F-PDF
1001 |aRegular, Paul M., |eauteur.
24510|aÉvaluation du stock de morue du Nord (Gadus morhua) dans les divisions 2J3KL de NAFO en 2025 / |cPaul M. Regular, Katherine Skanes, Rajeev Kumar, Rick M. Rideout, Emilie Novaczek, Samantha Trueman, Robert S. Gregory, Mariano Koen-Alonso et Karen S. Dwyer.
264 1|aOttawa (Ontario) : |bSecrétariat canadien de consultation scientifique, |cavril 2026.
264 4|c©2026
300 |a1 ressource en ligne (v, 104 pages) : |bcartes, graphiques.
336 |atexte|btxt|2rdacontent/fre
337 |ainformatique|bc|2rdamedia/fre
338 |aressource en ligne|bcr|2rdacarrier/fre
4901 |aDocument de recherche, |x2292-4272 ; |v2026/026
500 |aPublié aussi en anglais sous le titre : Assessment of the Northern Cod (Gadus morhua) stock in NAFO Divisions 2J3KL in 2025.
504 |aComprend des références bibliographiques (pages 21-25).
650 6|aMorue|zTerre-Neuve-et-Labrador|zAtlantique, Côte de l'.
650 6|aMorue|xPêche commerciale|zTerre-Neuve-et-Labrador|zAtlantique, Côte de l'.
650 6|aRessources halieutiques|xÉvaluation|zTerre-Neuve-et-Labrador|zAtlantique, Côte de l'.
7101 |aCanada. |bMinistère des pêches et des océans. |bRégion de Terre-Neuve et du Labrador, |eorganisme de publication.
7102 |aSecrétariat canadien de consultation scientifique, |eorganisme de publication.
77508|tAssessment of the Northern Cod (Gadus morhua) stock in NAFO Divisions 2J3KL in 2025 / |w(CaOODSP)9.960794
830#0|aDocument de recherche (Secrétariat canadien de consultation scientifique)|v2026/026.|w(CaOODSP)9.503788
85640|qPDF|s18.2 Mo|uhttps://publications.gc.ca/collections/collection_2026/mpo-dfo/fs70-5/Fs70-5-2026-026-fra.pdf